• 首页
  • 本馆介绍
  • 公告通知
  • 最新文献
  • 馆藏检索
  • 电子资源
  • 读者导购
  • 参考咨询
  • 我的图书馆
  • 登录
  • 详细信息显示
  • 放入我的书架
  • 预约/预借图书
  • 作者相关作品
  • 分类相关作品
  • 丛书相关作品
  • 出版社相关作品

书目信息

  • 表格格式
  • 工作单格式
  • 卡片格式
题名:
钢铁标准化实用手册
    
 
作者: 王丽敏 主编
分册:  
出版信息: 北京   冶金工业出版社  2014
页数: 264页
开本: 26cm
丛书名:
单 册:
中图分类: TF4-65 , TF4
科图分类:
主题词: 钢铁工业--gang tie gong ye--工业产品--标准化--中国--手册
电子资源:
ISBN: 978-7-5024-6616-9
000 00951nam0 2200229 450
001 2340074313
005 20231212110807.15
010    @a978-7-5024-6616-9@dCNY68.00
100    @a20140912d2014 em y0chiy50 ea
101 0  @achi
102    @aCN@b110000
105    @aak z 000yy
200 1  @a钢铁标准化实用手册@Agang tie biao zhun hua shi yong shou ce@f王丽敏主编
210    @a北京@c冶金工业出版社@d2014
215    @a264页@c图@d26cm
330    @a标准化是组织现代化生产的重要手段, 是科学管理的重要组成部分。搞好标准化对市场经济的发展, 保证产品和工程建设质量, 提高管理效益, 优化使用资源都有重要作用。本书内容丰富、实用, 主要内容包括: 标准化概述、标准的编写规则和制定程序、合格评定程序、钢铁产品牌号表示方法以及钢铁产品标准常用术语等。
606 0  @a钢铁工业@Agang tie gong ye@x工业产品@x标准化@y中国@j手册
690    @aTF4-65@v5
690    @aTF4@v4
701  0 @a王丽敏@Awang li min@4主编
801  0 @aCN@b湖北三新@c20140912
905    @aZUCC@dTF4@e4
    
    钢铁标准化实用手册/王丽敏主编.-北京:冶金工业出版社,2014
    264页:图;26cm
    
    
    ISBN 978-7-5024-6616-9:CNY68.00
    标准化是组织现代化生产的重要手段, 是科学管理的重要组成部分。搞好标准化对市场经济的发展, 保证产品和工程建设质量, 提高管理效益, 优化使用资源都有重要作用。本书内容丰富、实用, 主要内容包括: 标准化概述、标准的编写规则和制定程序、合格评定程序、钢铁产品牌号表示方法以及钢铁产品标准常用术语等。
●
相关链接 在五车中查询图书 在当当中查询图书 在豆瓣中查询图书


正题名:钢铁标准化实用手册     索取号:TF4/4         预约/预借

序号 登录号 条形码 馆藏地/架位号 状态 备注
1 2001460046   2001460046   602书库/ [索取号:TF4/4] 在馆    
2 2001460047   2001460047   602书库/ [索取号:TF4/4] 在馆    
3 2001460048   2001460048   602书库/ [索取号:TF4/4] 在馆    
4 2001460049   2001460049   602书库/ [索取号:TF4/4] 在馆    
5 2001460050   2001460050   602书库/ [索取号:TF4/4] 在馆    
6 2001460051   2001460051   602书库/ [索取号:TF4/4] 在馆    
7 2001460052   2001460052   602书库/ [索取号:TF4/4] 在馆    
8 2001460053   2001460053   602书库/ [索取号:TF4/4] 在馆    
9 2001460054   2001460054   602书库/ [索取号:TF4/4] 在馆    
10 2001460055   2001460055   602书库/ [索取号:TF4/4] 在馆    
11 2001460056   2001460056   602书库/ [索取号:TF4/4] 在馆    
12 2001460057   2001460057   602书库/ [索取号:TF4/4] 在馆    
13 2001460058   2001460058   602书库/ [索取号:TF4/4] 在馆    
14 2001460059   2001460059   218书库/ [索取号:TF4/4] 在馆    
15 2001460060   2001460060   218书库/ [索取号:TF4/4] 在馆    
16 2001460061   2001460061   218书库/ [索取号:TF4/4] 在馆    
17 2001460062   2001460062   218书库/ [索取号:TF4/4] 在馆    
18 2001460063   2001460063   218书库/ [索取号:TF4/4] 在馆    
19 2001460064   2001460064   218书库/ [索取号:TF4/4] 在馆    
20 2001460065   2001460065   216-217主题书屋/ [索取号:TF4/4] 在馆    
21 2001460066   2001460066   216-217主题书屋/ [索取号:TF4/4] 在馆    
22 2001460067   2001460067   216-217主题书屋/ [索取号:TF4/4] 在馆    
23 2001460068   2001460068   216-217主题书屋/ [索取号:TF4/4] 在馆    
24 2001460069   2001460069   216-217主题书屋/ [索取号:TF4/4] 在馆    
25 2001460070   2001460070   216-217主题书屋/ [索取号:TF4/4] 在馆    
26 2001460071   2001460071   602书库/ [索取号:TF4/4] 在馆    
27 2001460072   2001460072   602书库/ [索取号:TF4/4] 在馆    
28 2001460073   2001460073   602书库/ [索取号:TF4/4] 在馆    
29 2001460074   2001460074   602书库/ [索取号:TF4/4] 在馆    
30 2001460075   2001460075   602书库/ [索取号:TF4/4] 在馆    
山东省滨州职业学院图书馆 欢迎您!
大连网信软件有限公司© 版权所有